Hanukkah bear / (Record no. 282174)
[ view plain ]
| 000 -LEADER | |
|---|---|
| fixed length control field | 02408cam a2200601 i 4500 |
| 001 - CONTROL NUMBER | |
| control field | ocn813220911 |
| 003 - CONTROL NUMBER IDENTIFIER | |
| control field | OCoLC |
| 005 - DATE AND TIME OF LATEST TRANSACTION | |
| control field | 20200320191729.0 |
| 008 - FIXED-LENGTH DATA ELEMENTS--GENERAL INFORMATION | |
| fixed length control field | 121015t20132013nyua b 000 1 eng |
| 010 ## - LIBRARY OF CONGRESS CONTROL NUMBER | |
| LC control number | 2012039288 |
| 020 ## - INTERNATIONAL STANDARD BOOK NUMBER | |
| International Standard Book Number | 9780823428557 (hardback) |
| 020 ## - INTERNATIONAL STANDARD BOOK NUMBER | |
| International Standard Book Number | 0823428559 (hardback) |
| 020 ## - INTERNATIONAL STANDARD BOOK NUMBER | |
| Terms of availability | 16.95 |
| 035 ## - SYSTEM CONTROL NUMBER | |
| System control number | (OCoLC)813220911 |
| 040 ## - CATALOGING SOURCE | |
| Original cataloging agency | DLC |
| Language of cataloging | eng |
| Description conventions | rda |
| Transcribing agency | DLC |
| Modifying agency | IG# |
| -- | YDXCP |
| -- | BDX |
| -- | SINLB |
| -- | IUK |
| -- | IHI |
| -- | UBY |
| -- | WACOL |
| 042 ## - AUTHENTICATION CODE | |
| Authentication code | pcc |
| 049 ## - LOCAL HOLDINGS (OCLC) | |
| Holding library | WACL |
| 050 00 - LIBRARY OF CONGRESS CALL NUMBER | |
| Classification number | PZ7.K5648 |
| Item number | Han 2013 |
| 082 00 - DEWEY DECIMAL CLASSIFICATION NUMBER | |
| Classification number | [E] |
| Edition number | 23 |
| 092 ## - LOCALLY ASSIGNED DEWEY CALL NUMBER (OCLC) | |
| Classification number | E |
| Item number | Kim |
| 100 1# - MAIN ENTRY--PERSONAL NAME | |
| Personal name | Kimmel, Eric A., |
| Relator term | author. |
| 9 (RLIN) | 8782 |
| 240 10 - UNIFORM TITLE | |
| Uniform title | <a href="Chanukkah guest">Chanukkah guest</a> |
| 245 10 - TITLE STATEMENT | |
| Title | Hanukkah bear / |
| Statement of responsibility, etc | by Eric A. Kimmel ; illustrated by Mike Wohnoutka. |
| 250 ## - EDITION STATEMENT | |
| Edition statement | First edition. |
| 264 #1 - Production, Publication, Distribution, Manufacture, and Copyright Notice. | |
| Place of production, publication, distribution, manufacture | New York : |
| Name of producer, publisher, distributor, manufacturer | Holiday House, |
| Date of production, publication, distribution, manufacture, or copyr | [2013] |
| 264 #4 - Production, Publication, Distribution, Manufacture, and Copyright Notice. | |
| Date of production, publication, distribution, manufacture, or copyr | ©2013 |
| 300 ## - PHYSICAL DESCRIPTION | |
| Extent | 1 volume, unpaged : |
| Other physical details | color illustrations ; |
| Dimensions | 29 cm |
| 336 ## - Content Type | |
| Content type term | text |
| 337 ## - Media type | |
| Media type term | unmediated |
| 338 ## - Carrier type | |
| Carrier type term | volume |
| 500 ## - GENERAL NOTE | |
| General note | "This story first appeared in Cricket, the Magazine for Children, in 1988 and as a picture book titled The Chanukkah Guest, with illustrations by Giora Carmi, in 1990. This edition has a revised text and new illustrations"--Title page verso. |
| 500 ## - GENERAL NOTE | |
| General note | Includes a recipe for Latkes. |
| 520 ## - SUMMARY, ETC. | |
| Summary, etc | On the first night of Hanukkah, Old Bear wanders into Bubba Brayna's house and receives a delicious helping of potato latkes when she mistakes him for the rabbi. Includes a recipe for latkes. |
| 650 #1 - SUBJECT ADDED ENTRY--TOPICAL TERM | |
| Topical term or geographic name as entry element | Hanukkah |
| Form subdivision | Fiction. |
| 9 (RLIN) | 5752866 |
| 650 #1 - SUBJECT ADDED ENTRY--TOPICAL TERM | |
| Topical term or geographic name as entry element | Bears |
| Form subdivision | Fiction. |
| 9 (RLIN) | 5674592 |
| 650 #1 - SUBJECT ADDED ENTRY--TOPICAL TERM | |
| Topical term or geographic name as entry element | Old age |
| Form subdivision | Fiction. |
| 9 (RLIN) | 5705854 |
| 650 #1 - SUBJECT ADDED ENTRY--TOPICAL TERM | |
| Topical term or geographic name as entry element | Jews |
| Form subdivision | Fiction. |
| 9 (RLIN) | 5700641 |
| 650 #0 - SUBJECT ADDED ENTRY--TOPICAL TERM | |
| Topical term or geographic name as entry element | Bears |
| Form subdivision | Juvenile fiction. |
| 9 (RLIN) | 5674588 |
| 650 #0 - SUBJECT ADDED ENTRY--TOPICAL TERM | |
| Topical term or geographic name as entry element | Old age |
| Form subdivision | Juvenile fiction. |
| 9 (RLIN) | 5715203 |
| 650 #0 - SUBJECT ADDED ENTRY--TOPICAL TERM | |
| Topical term or geographic name as entry element | Jews |
| Form subdivision | Juvenile fiction. |
| 9 (RLIN) | 5883792 |
| 650 #0 - SUBJECT ADDED ENTRY--TOPICAL TERM | |
| Topical term or geographic name as entry element | Latkes |
| Form subdivision | Juvenile fiction. |
| 9 (RLIN) | 5883793 |
| 650 #0 - SUBJECT ADDED ENTRY--TOPICAL TERM | |
| Topical term or geographic name as entry element | Hanukkah stories. |
| 9 (RLIN) | 98077 |
| 655 #0 - INDEX TERM--GENRE/FORM | |
| Genre/form data or focus term | Hanukkah stories, American. |
| 9 (RLIN) | 5883794 |
| 655 #0 - INDEX TERM--GENRE/FORM | |
| Genre/form data or focus term | Picture books for children. |
| 9 (RLIN) | 5883795 |
| 700 1# - ADDED ENTRY--PERSONAL NAME | |
| Personal name | Wohnoutka, Mike, |
| Relator term | illustrator. |
| 9 (RLIN) | 323 |
| 938 ## - | |
| -- | Ingram |
| -- | INGR |
| -- | 9780823428557 |
| 938 ## - | |
| -- | YBP Library Services |
| -- | YANK |
| -- | 10358440 |
| 938 ## - | |
| -- | Brodart |
| -- | BROD |
| -- | 104607866 |
| 942 ## - ADDED ENTRY ELEMENTS (KOHA) | |
| Koha item type | BOOK |
| 948 ## - LOCAL PROCESSING INFORMATION (OCLC); SERIES PART DESIGNATOR (RLIN) | |
| Series part designator, SPT (RLIN) | 11/15/2013 |
| z (OCLC) | Sirsi |
| 994 ## - | |
| -- | 02 |
| -- | WACOL |
| 996 ## - | |
| -- | 104805 |
| -- | 34301001258815 |
| -- | E |
| -- | bk |
| -- | wcl |
| -- | i |
| -- | 11 |
| -- | 16.95 |
| -- | amazon |
| -- | Kim |
| -- | 11/15/2013 |
| -- | 04/11/2019 |
| -- | 04/04/2019 |
| Withdrawn status | Lost status | Source of classification or shelving scheme | Damaged status | Not for loan | Collection code | Home library | Current library | Shelving location | Date acquired | Source of acquisition | Cost, normal purchase price | Total Checkouts | Total Renewals | Full call number | Barcode | Date last seen | Date checked out | Cost, replacement price | Price effective from | Koha item type |
|---|---|---|---|---|---|---|---|---|---|---|---|---|---|---|---|---|---|---|---|---|
| Dewey Decimal Classification | Children Holiday Books | Wasatch County Library | Wasatch County Library | Main Floor Childrens Area | 11/15/2013 | Amazon | 16.95 | 18 | 4 | E Hanukkah Kimmel | 34301001258815 | 03/03/2025 | 11/20/2024 | 16.95 | 03/20/2020 | BOOK |
